Science Quiz

Random Science or Elements Quiz
Score 0/118 Timer 20:00
1 Play Today
Alphabetical Rank Element Name % Correct
3Aluminum
83.7%
2Silver
80.6%
5Argon
80%
1Actinium
79.6%
9Boron
78.3%
8Gold
77.9%
6Arsenic
76.6%
11Beryllium
75.3%
16Carbon
74.3%
10Barium
74.2%
4Americium
72%
17Calcium
71.7%
7Astatine
71%
18Cadmium
69.1%
27Copper
68%
13Bismuth
68%
24Cobalt
67.6%
21Chlorine
67.3%
26Cesium
66.3%
34Fluorine
65.2%
43Helium
65.1%
42Hydrogen
65.1%
48Iodine
65%
20Californium
64.1%
51Potassium
64.1%
15Bromine
63.7%
32Einsteinium
63.3%
25Chromium
62.7%
19Cerium
62.3%
39Gallium
61.7%
64Nitrogen
61.5%
52Krypton
61.4%
41Germanium
61.3%
60Magnesium
61%
65Sodium
60.8%
35Iron
60.6%
73Oxygen
60.6%
61Manganese
60.5%
45Mercury
60.4%
117Zinc
60.2%
Alphabetical Rank Element Name % Correct
54Lithium
59.7%
44Hafnium
59.4%
22Curium
59.1%
14Berkelium
58.9%
49Indium
58.9%
38Francium
58.8%
50Iridium
58.8%
12Bohrium
58.5%
53Lanthanum
58.4%
76Phosphorus
58.3%
118Zirconium
57.8%
68Neon
57.8%
70Nickel
57%
31Erbium
56.5%
115Yttrium
56.5%
62Molybdenum
56.5%
114Xenon
56.4%
33Europium
55.6%
75Osmium
55.4%
78Lead
55.4%
113Tungsten
54.9%
116Ytterbium
54.4%
93Sulfur
54.3%
111Uranium
53.9%
85Radium
53.7%
46Holmium
53.3%
79Palladium
53.1%
40Gadolinium
53%
37Fermium
52%
112Vanadium
51.9%
91Radon
51.8%
29Darmstadtium
51.7%
55Lawrencium
51.6%
100Tin
51.5%
98Silicon
51.3%
66Niobium
51.1%
84Plutonium
51.1%
30Dysprosium
50.7%
96Selenium
50.6%
83Platinum
50.6%
Alphabetical Rank Element Name % Correct
23Copernicium
50%
88Rutherfordium
49.3%
47Hassium
48.5%
28Dubnium
48.4%
95Scandium
48.3%
67Neodymium
47.8%
56Lutetium
47.6%
71Nobelium
47.5%
81Polonium
47.5%
86Rubidium
47.4%
72Neptunium
47.3%
107Titanium
47.1%
59Mendelevium
46.8%
94Antimony
46.6%
87Rhenium
46.1%
63Meitnerium
45.9%
90Rhodium
45.5%
101Strontium
45.1%
97Seaborgium
44.2%
36Flerovium
44%
57Livermorium
43.5%
105Tellurium
43.3%
102Tantalum
43%
104Technetium
42.8%
77Protactinium
42.2%
108Thallium
42.2%
106Thorium
42.1%
99Samarium
42%
82Praseodymium
41.4%
89Roentgenium
41.1%
74Oganesson
41.1%
92Ruthenium
40.5%
58Moscovium
39.9%
69Nihonium
39.5%
80Promethium
39.3%
110Tennessine
38.7%
103Terbium
38.3%
109Thulium
36.5%
Remove Ads.
Support Sporcle.
Get the best of Sporcle when you Go Orange. This ad-free experience offers more features, more stats, and more fun while also helping to support Sporcle. Thank you for becoming a member.

You're not logged in!

Compare scores with friends on all Sporcle quizzes.
OR
Log In

Show Comments

Extras

Top Quizzes Today


Score Distribution

Your Account Isn't Verified!

In order to create a playlist on Sporcle, you need to verify the email address you used during registration. Go to your Sporcle Settings to finish the process.

Report this User

Report this user for behavior that violates our Community Guidelines.

Details: